000 00282nam a2200121Ia 4500
008 190216s9999||||xx |||||||||||||| ||und||
100 _aUnnikrishanan Nair
245 0 _aRavi Kiranangal
260 _bNational Book Stall
_c1968
300 _a51p
650 _aKavithkal
942 _cBK
999 _c24580
_d24580